Anafilaxia és kezelése
Elmentve itt :
| Szerző: | |
|---|---|
| Dokumentumtípus: | Könyv része |
| Megjelent: |
2009
|
| Sorozat: | Tiszaparti esték
10 Tiszaparti esték : gyermekgyógyászati továbbképző előadások 2008-2009 10 |
| Kulcsszavak: | Anafilaxia, Immunológia, Allergia |
| Tárgyszavak: | |
| Online Access: | http://acta.bibl.u-szeged.hu/18982 |
| LEADER | 00780naa a2200217 i 4500 | ||
|---|---|---|---|
| 001 | acta18982 | ||
| 005 | 20220321114733.0 | ||
| 008 | 161015s2009 hu o 0|| hun d | ||
| 022 | |a 1588-3515 | ||
| 040 | |a SZTE Egyetemi Kiadványok Repozitórium |b hun | ||
| 041 | |a hun | ||
| 100 | 1 | |a Novák Zoltán | |
| 245 | 1 | 0 | |a Anafilaxia és kezelése |h [elektronikus dokumentum] / |c Novák Zoltán |
| 260 | |c 2009 | ||
| 300 | |a 229-240 | ||
| 490 | 0 | |a Tiszaparti esték |v 10 | |
| 490 | 0 | |a Tiszaparti esték : gyermekgyógyászati továbbképző előadások 2008-2009 |v 10 | |
| 650 | 4 | |a Orvos- és egészségtudomány | |
| 650 | 4 | |a Általános orvostudomány | |
| 695 | |a Anafilaxia, Immunológia, Allergia | ||
| 856 | 4 | 0 | |u http://acta.bibl.u-szeged.hu/18982/1/tiszaparti_2008_229-240.pdf |z Dokumentum-elérés |